Radical reactions in organic synthesis / (Record no. 8735)

MARC details
000 -LEADER
fixed length control field 01256cam a2200337 a 4500
001 - CONTROL NUMBER
control field 13567636
003 - CONTROL NUMBER IDENTIFIER
control field OSt
005 - DATE AND TIME OF LATEST TRANSACTION
control field 20240624114954.0
008 - FIXED-LENGTH DATA ELEMENTS--GENERAL INFORMATION
fixed length control field 040422s2003 enka b 001 0 eng
010 ## - LIBRARY OF CONGRESS CONTROL NUMBER
LC control number 2004266054
015 ## - NATIONAL BIBLIOGRAPHY NUMBER
National bibliography number GBA3-V3378
020 ## - INTERNATIONAL STANDARD BOOK NUMBER
International Standard Book Number 0198502419
020 ## - INTERNATIONAL STANDARD BOOK NUMBER
International Standard Book Number 0198502400 (pbk.)
035 ## - SYSTEM CONTROL NUMBER
System control number (OCoLC)ocm52876699
040 ## - CATALOGING SOURCE
Original cataloging agency UKM
Transcribing agency MUST
Modifying agency OCLCQ
-- DLC
042 ## - AUTHENTICATION CODE
Authentication code lccopycat
082 ## - DEWEY DECIMAL CLASSIFICATION NUMBER
Classification number 547 ZAR 2003
100 1# - MAIN ENTRY--PERSONAL NAME
Personal name Zard, Samir Z.
9 (RLIN) 17659
245 10 - TITLE STATEMENT
Title Radical reactions in organic synthesis /
Statement of responsibility, etc. Samir Z. Zard.
260 ## - PUBLICATION, DISTRIBUTION, ETC. (IMPRINT)
Place of publication, distribution, etc. Oxford
-- New York :
Name of publisher, distributor, etc. Oxford University Press,
Date of publication, distribution, etc. 2003.
300 ## - PHYSICAL DESCRIPTION
Extent xi, 256 p. :
Other physical details ill. ;
Dimensions 25 cm.
440 #0 - SERIES STATEMENT/ADDED ENTRY--TITLE
Title Oxford chemistry masters ;
Volume/sequential designation 7
9 (RLIN) 17660
504 ## - BIBLIOGRAPHY, ETC. NOTE
Bibliography, etc Includes bibliographical references and index.
650 #0 - SUBJECT ADDED ENTRY--TOPICAL TERM
Topical term or geographic name as entry element Organic compounds
General subdivision Synthesis.
9 (RLIN) 3657
650 #0 - SUBJECT ADDED ENTRY--TOPICAL TERM
Topical term or geographic name as entry element Free radical reactions.
9 (RLIN) 17661
856 41 - ELECTRONIC LOCATION AND ACCESS
Materials specified Table of contents only
Uniform Resource Identifier http://www.loc.gov/catdir/toc/fy046/2004266054.html
856 42 - ELECTRONIC LOCATION AND ACCESS
Materials specified Publisher description
Uniform Resource Identifier http://www.loc.gov/catdir/enhancements/fy0620/2004266054-d.html
906 ## - LOCAL DATA ELEMENT F, LDF (RLIN)
a 7
b cbc
c copycat
d 2
e ncip
f 20
g y-gencatlg
942 ## - ADDED ENTRY ELEMENTS (KOHA)
Source of classification or shelving scheme Dewey Decimal Classification
Koha item type Open Shelf
Holdings
Withdrawn status Lost status Source of classification or shelving scheme Damaged status Not for loan Home library Current library Date acquired Source of acquisition Inventory number Total Checkouts Full call number Barcode Date last seen Price effective from Koha item type
    Dewey Decimal Classification     MUST Main Library MUST Main Library 24/06/2024 Donation 2004/22226   547 ZAR 2003 2024-21080 24/06/2024 24/06/2024 Open Shelf